000 00645nam a22002057a 4500
003 OSt
005 20220916151430.0
008 220916b |||||||| |||| 00| 0 eng d
020 _a3-88375-646-6
040 _cBiblioteca Lado V
082 _a750
_bB138a
100 _aBadura-Trista, Eva
245 _aAustelung Katerlog/
260 _aAlemania
_bMuseum Moderner Kunst
_c2003
300 _a412p.
_c22x30cm
650 _2Tesauro de Arte & Arquitectura
_aCATALOGO DE ARTE
650 _2Tesauro de Arte & Arquitectura
_aALEMANIA
650 _2Tesauro de Arte & Arquitectura
_aCOMPILACION
942 _2ddc
_c1
_h750
_iB138a
_n0
999 _c2056
_d2056